000 00817cam a2200229 4500
001 WB3540-13
008 000000n1999 000 0 eng u
035 _a(Sirsi) u100385
245 _aEU aid to benefit dpreived areas
260 _c1999
490 _aFinancial Times
_v9 October 1999, 3
490 _aDETR News Release
_v8 October 1999(4)
520 _aGovernment has finalised its regeneration strategy with proposals for distributing £2.5bn of EU funds. The new Objective 2 allocation will see seaside towns including Southend, Morecambe and Hastings qualifying for the first time.
590 _aWB
650 _aEU AID
650 _aOBJECTIVE 2
650 _aREGENERATION
650 _aSINGLE REGENERATION BUDGET
650 _aREGIONAL DEVELOPMENT
690 _aECONOMIC AND SOCIAL
942 _n0
999 _c60070
_d60070